Kültür ilişkileri Türk - Alman Sempozyumu (Record no. 5001)
[ view plain ]
| 000 -BAŞLIK | |
|---|---|
| Sabit Uzunlukta Kontrol Alanı | 01026na a2200301 4500 |
| 001 - KONTROL NUMARASI | |
| Denetim Alanı | 15273 |
| 003 - KONTROL NUMARASI IDENTIFIER | |
| Denetim Alanı | MIRAKIL |
| 005 - SON İŞLEM TARİHİ VE ZAMANI | |
| Denetim Alanı | 20181213155024.0 |
| 008 - SABİT-BOY VERİ ELEMANLARI - GENEL BİLGİLER | |
| Sabit Uzunlukta Kontrol Alanı | 161006b tu 000 0 |
| 035 ## - SİSTEM KONTROL NUMARASI | |
| Sistem Kontrol Numarası | 15273 |
| 040 ## - KATALOGLAMA KAYNAK | |
| Orijinal Kataloglama Ajansı | Milas |
| Kataloglama Dili | tur |
| Metne Dönüştürmek Ajansı | TR-AnCHP |
| 041 ## - DİL KODU | |
| Metin / Ses Parça Veya Ayrı Başlığın Dil Kodu | tur |
| -- | ger |
| 082 ## - DEWEY ONLU SINIFLANDIRMA NUMARASI | |
| Sınıflandırma Numarası | 303.482 |
| Ürün Numarası | T96k 1995 |
| 090 ## - SINIFLAMA NUMARASI | |
| Sınıflama Numarası | 303.482 T96k 1995 |
| 111 ## - ANA GİRİŞ - TOPLANTI ADI | |
| Giriş Elemanı Olarak Toplantı Adı Veya Yargı Alanı Adı | Türk - Alman Sempozyumu |
| Toplantının Yeri | Hamburg |
| Toplantı Veya Antlaşma İmzalandığı Tarihi | 1995 |
| Form Alt Başlık | Kültür ilişkileri |
| 245 ## - BAŞLIK TABLOSU | |
| Başlık | Kültür ilişkileri Türk - Alman Sempozyumu |
| Sorumluluk Tablosu, Vb | sorumlu Aydan Özoğuz; çeviri Tevfik Turan |
| 246 ## - UNVAN FORM VARYING | |
| Başlık Doğru / Kısa Başlığı | Kulturkontakte Deutsch - Türkisches Symposium |
| 260 ## - YAYIN, DAĞITIM, VB | |
| Yayın, Dağıtım, Vb Yeri | Hamburg |
| Yayıncı, Dağıtıcı, Vs Adı | Körber-Stiftung |
| Yayın, Dağıtım, Vb Tarihi | 1996 |
| 300 ## - FİZİKSEL TANIM | |
| Kapsam | 330 s. |
| Boyutlar | 24 sm. |
| 650 ## - KONU KATMA GİRİŞ - TOPİKAL DÖNEM | |
| Topikal Süreli Veya Coğrafi Ad Giriş Elemanı | Türkler |
| Genel Alt Bölümü | Sosyo kültürel yaşam |
| Coğrafi Alt Bölümü | Almanya |
| 651 ## - KONU KATMA GİRİŞ - COĞRAFİ ADI | |
| Coğrafi İsim | Almanya |
| Genel Alt Bölümü | Dış ilişkiler |
| Kronolojik Alt Bölümü | Toplantılar |
| Coğrafi Alt Bölümü | Türkiye |
| 651 ## - KONU KATMA GİRİŞ - COĞRAFİ ADI | |
| Coğrafi İsim | Türkiye |
| Genel Alt Bölümü | Dış ilişkiler |
| Kronolojik Alt Bölümü | Toplantılar |
| Coğrafi Alt Bölümü | Almanya |
| 651 ## - KONU KATMA GİRİŞ - COĞRAFİ ADI | |
| Coğrafi İsim | Türkiye |
| Genel Alt Bölümü | Kültür |
| Kronolojik Alt Bölümü | Almanya |
| 700 ## - KATMA GİRİŞ - KİŞİSEL İSİM | |
| Kişisel Ad | Turan, Tevfik |
| 700 ## - KATMA GİRİŞ - KİŞİSEL İSİM | |
| Kişisel Ad | Özoğuz, Aydan |
| 942 ## - EKLENDİ GİRİŞ ELEMANLARI (KOHA) | |
| Sınıflandırma Veya Raf Düzeni Kaynak | Dewey Decimal Classification |
| Koha Öğesi Türü | Books |
| 999 ## - SİSTEM KONTROL NUMARALARI (KOHA) | |
| Koha Biblionumber | 5001 |
| Koha Biblioitemnumber | 5001 |
| 657 ## - INDEX SÜRE - İŞLEVİ | |
| -- | Türk Alman kültürel ilişkiler |
| Kalıcı Konum | Mevcut Konum | Edinme Tarihi | Edinim Kaynak | Toplam Check-Out'Lar | Tam Çağrı Numarası | Barkod | Tarih Son Görülme | İtibaren Geçerli Fiyatlar | Koha Öğesi Türü |
|---|---|---|---|---|---|---|---|---|---|
| CHP Kütüphanesi | CHP Kütüphanesi | 09/07/2016 | Bağış | 303.482 T96k 1995 | 003340 | 09/07/2016 | 09/07/2016 | Books |
